MDQL
is popping MORE tags! Check the
thread
!
Quizzes
Events
Quiz Creation
Community
Videos
Private Events
Remove Ads
Sign In
Join for FREE
Feedback
Dark Mode
Quiz Categories
Sports
Geography
Music
Movies
Television
Just For Fun
Miscellaneous
History
Literature
Language
Science
Gaming
Entertainment
Religion
Holiday
For Kids
Quiz Lab
Recent
Popular Today
Quiz Kudos Today
Editor Picks
Curator Picks
Quizzes by...
Day
Popularity
Type
Ratings
Length
Year
Community
Subscriptions
Recent Discussions
Orange Saloon
Badges
Playlists
Quests
Create
Leaderboards
Showdown
Live 5
Trivia Bingo
Activity
Puzzle Library
Sporcle Events
Private Events
Virtual Trivia
Globe League
Become a Host
Pub Owners
SporcleCon
Opinionation
Our Games
Videos
Blog
Mobile Apps
Partnerships
Remove Ads and Go Orange
Feedback
Gaming
Video Games
Board Games
Card Games
Pokémon
Mario
Nintendo
Minecraft
Console
Toys
Legend of Zelda
Gaming
Video Games
Board Games
Card Games
Pokémon
Mario
Nintendo
Minecraft
Console
Toys
Legend of Zelda
Random Quiz
Search Sporcle
×
Quiz Lab
Quiz Lab
Gaming
pro
Type in answers that appear in a list
Type in answers that appear in a list
Classic
Best Score? Go Orange.
Tony Hawks Pro Skater Levels Stats
Can you name the Tony Hawks Pro Skater Levels?
By
Butters
12m
100 Questions
1,436 Plays
1,436 Plays
1,436 Plays
Comments
Comments
Give Quiz Kudos
Give Quiz Kudos
-
- Ratings
hide this ad
Replay
Link that replays current quiz
Next Quiz
Link to next quiz in quiz playlist
You Got
0%
They Got
Avg Score
55%
Avg Friend Score
Upgrade to see
Score Distribution
Jump to the score distribution portion of the page
Score
0/100
Timer
12:00
1
Play Today
Game
Level
% Correct
Tony Hawks Project 8
School
92%
Tony Hawks Pro Skater
School
91.5%
Tony Hawks Underground 2
School (Classic)
91.5%
Tony Hawks Underground 2
Training
86.1%
Tony Hawks Pro Skater
Warehouse
82.4%
Tony Hawks Pro Skater 2
New York
80.8%
Tony Hawks Pro Skater 3
Los Angeles
79.2%
Tony Hawks Underground 2
Los Angeles (Classic)
79.2%
Tony Hawks Pro Skater 2
School II
78.8%
Tony Hawks Underground
School II (Classic)
78.8%
Tony Hawks Pro Skater 2
Hangar
76.4%
Tony Hawks Underground
Hangar (Classic)
76.4%
Tony Hawks Pro Skater
Mall
76.1%
Tony Hawks American Wasteland
The Mall (Classic)
76.1%
Tony Hawks Pro Skater 3
Canada
75.5%
Tony Hawks Underground 2
Canada (Classic)
75.5%
Tony Hawks Pro Skater 4
San Francisco
75%
Tony Hawks Pro Skater 3
Airport
73.4%
Tony Hawks Pro Skater 4
Chicago
73.4%
Tony Hawks Underground 2
Airport (Classic)
73.4%
Tony Hawks American Wasteland
Chicago (Classic)
73.4%
Tony Hawks Proving Ground
Downtown Philly
73.4%
Tony Hawks Proving Ground
Inner City Philly
73.3%
Tony Hawks Pro Skater 2
Philadelphia
73.2%
Tony Hawks Underground 2
Philadeplhia (Classic)
73.2%
Tony Hawks Pro Skater
Downtown
72.8%
Tony Hawks Pro Skater 2
Venice Beach
70.7%
Tony Hawks Underground
Venice Beach (Classic)
70.7%
Tony Hawks Underground 2
Boston
70.5%
Tony Hawks Underground
New Jersey
69.3%
Tony Hawks Pro Skater
Downhill Jam
68.1%
Tony Hawks Underground 2
Downhill Jam (Classic)
68.1%
Tony Hawks Pro Skater 3
Tokyo
67.7%
Tony Hawks Pro Skater 4
College
67.5%
Game
Level
% Correct
Tony Hawks Pro Skater 3
Foundry
66.5%
Tony Hawks Underground 2
Barcelona
66%
Tony Hawks Pro Skater 4
London
65.3%
Tony Hawks Underground
Moscow
65.1%
Tony Hawks Pro Skater 4
Alcatraz
64.9%
Tony Hawks American Wasteland
Downtown
64.8%
Tony Hawks Pro Skater 3
Suburbia
64.7%
Tony Hawks Project 8
Suburbia
64.7%
Tony Hawks Pro Skater 4
Zoo
64.6%
Tony Hawks Underground
Hawaii
63.9%
Tony Hawks Underground 2
Australia
62.8%
Tony Hawks Underground 2
Berlin
62.4%
Tony Hawks Pro Skater
Roswell
62.1%
Tony Hawks Underground
Tampa
62.1%
Tony Hawks Pro Skater 3
Rio
61.8%
Tony Hawks Pro Skater 2
Marseilles
61.1%
Tony Hawks Underground
Vancouver
60.6%
Tony Hawks Underground 2
New Orleans
60.1%
Tony Hawks Pro Skater 2
The Bullring
60.1%
Tony Hawks Pro Skater
Skatepark
60%
Tony Hawks Project 8
Skate Park
60%
Tony Hawks Underground
Manhattan
59.9%
Tony Hawks Underground
San Diego
59.3%
Tony Hawks Pro Skater 3
Cruise Ship (except PS)
58.2%
Tony Hawks Underground 2
Skatopia
57.5%
Tony Hawks American Wasteland
Hollywood
57.1%
Tony Hawks Pro Skater
Burnside
55.6%
Tony Hawks Pro Skater 4
Carnival
54.4%
Tony Hawks Pro Skater 4
Kona
51.6%
Tony Hawks American Wasteland
Beverly Hills
50%
Tony Hawks Pro Skater 3
Skater Island
49.3%
Tony Hawks American Wasteland
Oil Rig
49%
Tony Hawks Pro Skater 4
Shipyard
48.6%
Tony Hawks American Wasteland
East LA
48.2%
Game
Level
% Correct
Tony Hawks Pro Skater
Streets
47.9%
Tony Hawks Underground
Slam City Jam
47.9%
Tony Hawks Underground
Hotter Than Hell (KISS concert)
45.8%
Tony Hawks American Wasteland
Santa Monica
45.8%
Tony Hawks American Wasteland
Minneapolis (Classic)
45%
Tony Hawks Underground 2
The Triangle
43.9%
Tony Hawks American Wasteland
Casino
42.9%
Tony Hawks Pro Skater 2
Skatestreet
42.6%
Tony Hawks American Wasteland
Skate Ranch
40.6%
Tony Hawks American Wasteland
Vans Park
40.4%
Tony Hawks American Wasteland
Kyoto (Classic)
39.7%
Tony Hawks Underground 2
Pro Skater
39.4%
Tony Hawks Project 8
Factory
39%
Tony Hawks Proving Ground
Downtown Baltimore
35.2%
Tony Hawks American Wasteland
Santa Cruz (Classic)
34.1%
Tony Hawks American Wasteland
The Ruins (Classic)
34%
Tony Hawks Project 8
Fun Park
29.6%
Tony Hawks Project 8
Capitol
28.3%
Tony Hawks Proving Ground
Air and Space Museum
26.7%
Tony Hawks Project 8
Slums
24.3%
Tony Hawks Proving Ground
FDR Skatepark
22.3%
Tony Hawks Project 8
Main Street
20.6%
Tony Hawks Proving Ground
Baltimore Inner Harbor
20.4%
Tony Hawks Project 8
Hill Top
18.6%
Tony Hawks Proving Ground
Harbor Bridge
18.5%
Tony Hawks Proving Ground
Love Park
18%
Tony Hawks Project 8
City Park
16.8%
Tony Hawks Proving Ground
Metro
16.6%
Tony Hawks Proving Ground
Bay Bridge Tunnel
16.5%
Tony Hawks Proving Ground
National Mall
15.1%
Tony Hawks Proving Ground
Lansdowne
15%
Tony Hawks Proving Ground
Freedom Plaza
14.7%
Quiz Playlist
Details
Report
Send in Message
Add To Playlist
Classic:
Type in answers that appear in a list
Last Updated: Feb 16, 2017
Quiz Scoreboard
CHALLENGE
Sign Up to Join the Scoreboard
Show All
Scores
Hide
Comments
May contain spoilers
Recently Published
Two Season TV Shows II
by 123Four
Television
10m
Image Sorting: Flags VI
by Barbecue
Geography
2m
Find the 'City' Movie
by crazypaving
Movies
60s
More to Explore
Quiz From the Vault
Featured Blog Post
14 Easter Pick-up Lines to Find Eggs With
hide this ad
You Might Also Like...
Tags
Hawk
Level
pro
Pro Skater
Skater
Tony
Tony Hawk
Today's Top Quizzes in Gaming
Browse Gaming
hide this ad
Today's Top Quizzes in pro
Browse pro
Top Contributed Quizzes in Gaming
1
League of Legends Pro Players by Career/Team History
2
Destiny 2 exotic weapons by perk icons
3
Genshin Impact Logic Puzzle
4
Genshin murder mystery
5
Dead By Daylight Logic Puzzle
6
4x4 Decades: Video Games
7
Ultimate Genshin Impact Logic Puzzle (up to 4.3)
8
Genshin Impact Logic Puzzle Quiz
9
Overwatch Logic Puzzle
10
Who's on the WWE 2K24 Cover?
Explore More
Trending Topics
Marvel
Anime
Disney
Crossword
NBA
Kpop
Harry Potter
Puzzle
WWE
Pokémon
The Office
Song
NFL
Soccer
Country
hide this ad
More By:
Butters
Quiz
Plays
Rating
Category
Featured
Created
Premier League Table 08-09
4,076
3.90
Sports
Sep 27, 2009
Tony Hawks Pro Skater Levels
1,435
4.91
Gaming
Sep 29, 2009
Ninja Gaiden Weapons
314
5.00
Gaming
Oct 19, 2009
Go to Creator's Profile
Score Distribution
Quiz Creator Spotlight
Butters
Follow
Send a Message
Quizzes Created
-
Created Quiz Play Count
-
More By This Creator
Popular Quizzes Today
1
Find the US States - No Outlines Minefield
2
Colored Red Africa Blitz
3
Find the 'City' Movie
4
5x2 Blitz: Bands
5
The Countries of the World
6
Find the Countries of Europe - No Outlines Minefield
7
Find the US States
8
US States
More Gaming Quizzes
Yoshi Through the Ages
Curator's Pick
Trending Quizzes
Colored Red Europe Blitz I
Colored Red Africa Blitz II
Colored Red Europe Blitz II
Colored Red Africa Blitz III
Colored Red Europe Blitz III
Recently Updated
How Do You Spell That?
pecheneg
Godzilla Movies
pecheneg
Grab Bag: 4-10 Letters
pecheneg
2024 March Madness Bracket
pecheneg
Famous TV Couples
Peacemaker
Champions League XIs: Real Madrid
pecheneg
Largest US Cities 1790-2010
pecheneg
Rides in Walt Disney World
pecheneg
Most Oscar Losses (Acting)
pecheneg
Beyoncé Albums
pecheneg
Trending Topics
NBA
Marvel
Crossword
Kpop
Disney
Harry Potter
Anime
Country
NFL
Soccer
Puzzle
Pokémon
Song
The Office
WWE
Your Account Isn't Verified!
In order to create a playlist on Sporcle, you need to verify the email address you used during registration. Go to your
Sporcle Settings
to finish the process.
Report this User
Report this user for behavior that violates our
Community Guidelines
.
Details:
Send Report
Go to the Sporcle.com Mobile Site →
Comments